Statistiques concernant Drapeaux de pays n°3

Cliquez ici pour prendre le quiz!

Statistiques générales

  • Ce quiz a été pris 56 993 fois
  • Le résultat moyen est 13 sur 20

Statistiques - réponses

Réponse% Correct
Liban
86%
Albanie
84%
Pologne
83%
Colombie
82%
Égypte
81%
Corée du Nord
75%
Venezuela
72%
Kenya
72%
Géorgie
69%
Pakistan
67%
Panama
66%
Malaisie
61%
Sri Lanka
59%
Bangladesh
57%
Bhoutan
55%
Afghanistan
54%
Singapour
52%
Libye
44%
Trinité-et-Tobago
42%
Tanzanie
41%

Distribution des résultats

Percentile par nombre de réponses

% des personnes avec chaque résultat

Votre développement - résultats

Vous n’avez pas pris ce quiz